| 000 | 00578nam a2200193 i 4500 | ||
|---|---|---|---|
| 001 | 105659 | ||
| 003 | ES-MaACL | ||
| 007 | t| | ||
| 008 | 060802s1966 fr ||||1| fre d | ||
| 080 | _a330.85(45) | ||
| 100 | 1 |
_aSilone, Ignazio. _9106355 |
|
| 245 | 1 | 0 |
_aSortie de secours / _cIgnazio Silone ; traduit de l'italien par Michèle Causse. |
| 260 |
_aParis : _bDel Cuca, _c1966. |
||
| 300 |
_a247 p. ; _c21 cm. |
||
| 500 | _aBiblioteca Juan Andrade. | ||
| 650 | 1 | 4 |
_aComunismo- _zItalia. _911223 |
| 700 | 1 |
_aCausse, Michèle. _937122 |
|
| 852 |
_aES-MaACL _jAND-475 _bR.109778 |
||
| 999 |
_c105659 _d105659 |
||